LEADER 00825nam0-22003131i-450- 001 990003251200403321 005 20001010 035 $a000325120 035 $aFED01000325120 035 $a(Aleph)000325120FED01 035 $a000325120 100 $a20000920d1926----km-y0itay50------ba 101 0 $aita 105 $ay-------001yy 200 1 $a<>Bessarabie 210 $aParis$cFelix Alcan$d1926 215 $app. 360 300 $aBibliotheque d'Ihistoire Contemporaine 610 0 $aGeografia Economica; Geografia Regionale; Bessarabie 676 $a021.004 700 1$aBabel,$bAntony$0129504 801 0$aIT$bUNINA$gRICA$2UNIMARC 901 $aBK 912 $a990003251200403321 952 $a021.004.BAB$b3691$fDECGE 959 $aDECGE 996 $aBessarabie$9449674 997 $aUNINA DB $aING01 LEADER 01123nam0 2200313 450 001 000036126 005 20170216134057.0 100 $a20140307d1971----km-y0itaa50------ba 101 0 $aita 102 $aIT 200 1 $aFilologia e storia$fGiorgio Pasquali$gcon una premessa di Alessandro Ronconi 205 $aNuova ed. 210 $aFirenze$cLe Monnier$d1971 215 $aIX, 94 p.$d19 cm. 225 2 $aBibliotechina del saggiatore$v2 410 0$12001$aBibliotechina del saggiatore$v2 606 1 $aFilologia classica 676 $a480.09$v(22. ed.)$9Lingue classiche. Trattamento storico e geografico 700 1$aPasquali,$bGiorgio$0139210 702 1$aRonconi,$bAlessandro 801 0$aIT$bUniversità della Basilicata - B.I.A.$gREICAT$2unimarc 912 $a000036126 996 $aFilologia e storia$9101449 997 $aUNIBAS BAS $aLETTERE CAT $aSTD098$b01$c20140307$lBAS01$h0907 CAT $aMDL$b30$c20170216$lBAS01$h1340 FMT Z30 -1$lBAS01$LBAS01$mBOOK$1BASA1$APolo Storico-Umanistico$2GEN$BCollezione generale$3FP/55296$655296$5L55296$820140307$f02$FPrestabile Generale LEADER 01122nam--2200361---450- 001 990002730280203316 005 20090824151021.0 010 $a88-15-10573-5 035 $a000273028 035 $aUSA01000273028 035 $a(ALEPH)000273028USA01 035 $a000273028 100 $a20060406d2005----km-y0itay0103----ba 101 $aita 102 $aIT 105 $a||||||||001yy 200 1 $aDiritti e costituzione$el'opera di Gaetano Filamgieri e la sua fortuna europea$fa cura di Antonio Trampus 210 $aBologna$cIl Mulino$d2005 215 $a335 p.$d21 cm+ 225 2 $aPercorsi 410 0$12001$aPercorsi 600 0 $aFilangieri,$bGaetano$xScienza della legislazione$xDiffusione$xEuropa$z1780-1850 676 $a342.009 702 1$aTRAMPUS,$bAntonio 801 0$aIT$bsalbc$gISBD 912 $a990002730280203316 951 $aXXIV.2.D 127 (IG IV 1742)$b50265 G.$cXXIV.2.D 127 (IG IV)$d00179100 959 $aBK 969 $aGIU 979 $aRENATO$b90$c20060406$lUSA01$h1117 979 $aRSIAV5$b90$c20090824$lUSA01$h1510 996 $aDiritti e costituzione$9671800 997 $aUNISA